Before we visit the Goddess / (Record no. 102302)
[ view plain ]
| 000 -LEADER | |
|---|---|
| fixed length control field | 00985nam a22002537a 4500 |
| 005 - DATE AND TIME OF LATEST TRANSACTION | |
| control field | 20170801102156.0 |
| 010 ## - LCCN (DPL NO) | |
| LC control number | 1617EN B-648613-621 ENG-117610 |
| 020 ## - INTERNATIONAL STANDARD BOOK NUMBER | |
| International Standard Book Number | 9781471146930 |
| Terms of availability | 499.00 |
| 035 ## - SYSTEM CONTROL NUMBER | |
| System control number | B-648613-621 |
| 035 ## - SYSTEM CONTROL NUMBER | |
| System control number | EN-101142 |
| 035 ## - SYSTEM CONTROL NUMBER | |
| System control number | B-667254 |
| 037 ## - SOURCE OF ACQUISITION | |
| Source of stock number/acquisition | Aakar |
| Stock number | dpl |
| 037 ## - SOURCE OF ACQUISITION | |
| Source of stock number/acquisition | DBAD/PUB |
| 082 ## - DEWEY DECIMAL CLASSIFICATION NUMBER | |
| Classification number | S |
| 100 ## - MAIN ENTRY--PERSONAL NAME | |
| Personal name | Banerjee, Chitra |
| 245 ## - TITLE STATEMENT | |
| Title | Before we visit the Goddess / |
| Statement of responsibility, etc | by Chitra Banerjee [and] Divakaruni |
| 260 ## - PUBLICATION, DISTRIBUTION, ETC. (IMPRINT) | |
| Place of publication, distribution, etc | London |
| Name of publisher, distributor, etc | Simon & Schuster |
| Date of publication, distribution, etc | 2016 |
| 270 ## - ADDRESS | |
| Address | 1st Floor, 222 Gray's Inn Road, |
| City | London |
| Postal code | WCIX 8 HB |
| 300 ## - PHYSICAL DESCRIPTION | |
| Extent | 210p. |
| Other physical details | 25(cmHb) |
| 700 ## - ADDED ENTRY--PERSONAL NAME | |
| Personal name | Divakaruni |
| 942 ## - ADDED ENTRY ELEMENTS (KOHA) | |
| Source of classification or shelving scheme | Dewey Decimal Classification |
| Item type | English Books |
| Call number suffix | BAN |
| Classification part | S |
| Withdrawn status | Lost status | Not for loan | Collection code | Home library | Current library | Date acquired | Source of acquisition | Cost, normal purchase price | Full call number | Barcode | Copy number | Cost, replacement price | Koha item type |
|---|---|---|---|---|---|---|---|---|---|---|---|---|---|
| Fiction | Ashok Vihar | Ashok Vihar | 01/08/2017 | BPPD/EN/2016-17/AV/16-17/451/15.2.2017/I-3323/1.3.2017/ 17.3.2017 | 499.00 | S BAN | B-667254 | 1 | 499.00 | English Books | |||
| Fiction | Bawana | Bawana | 23/02/2017 | BPPD/EN/2016-17/285/24.11.16/I-2560/3.12.16/2.1.17 | 499.00 | S BAN | B-648617 | 1 | 499.00 | English Books | |||
| Fiction | Bawana | Bawana | 23/02/2017 | BPPD/EN/2016-17/285/24.11.16/I-2560/3.12.16/2.1.17 | 499.00 | S BAN | B-648619 | 1 | 499.00 | English Books | |||
| Not For Loan | Fiction | D.B.Act.Division | Bawana | 28/03/2017 | DBAD/PUB | 499.00 | S BAN | EN-101142 | 1 | 499.00 | English Books | ||
| Fiction | Central Library | Central Library | 23/02/2017 | BPPD/EN/2016-17/285/24.11.16/I-2560/3.12.16/2.1.17 | 499.00 | S BAN | B-648613 | 1 | 499.00 | English Books | |||
| Fiction | Narela | Narela | 23/02/2017 | BPPD/EN/2016-17/285/24.11.16/I-2560/3.12.16/2.1.17 | 499.00 | S BAN | B-648618 | 1 | 499.00 | English Books | |||
| Fiction | New Police Line | New Police Line | 23/02/2017 | BPPD/EN/2016-17/285/24.11.16/I-2560/3.12.16/2.1.17 | 499.00 | S BAN | B-648614 | 1 | 499.00 | English Books | |||
| Fiction | Patel Nagar | Patel Nagar | 23/02/2017 | BPPD/EN/2016-17/285/24.11.16/I-2560/3.12.16/2.1.17 | 499.00 | S BAN | B-648615 | 1 | 499.00 | English Books | |||
| Fiction | Sarojini Nagar | Sarojini Nagar | 23/02/2017 | BPPD/EN/2016-17/285/24.11.16/I-2560/3.12.16/2.1.17 | 499.00 | S BAN | B-648616 | 1 | 499.00 | English Books | |||
| Fiction | Shahdara Branch | Shahdara Branch | 23/02/2017 | BPPD/EN/2016-17/285/24.11.16/I-2560/3.12.16/2.1.17 | 499.00 | S BAN | B-648620 | 1 | 499.00 | English Books | |||
| Fiction | Shahdara Branch | Shahdara Branch | 10/05/2023 | DBAD/PUB | 499.00 | S BAN | EN-120357 | 1 | English Books | ||||
| Fiction | Yojana Vihar | Yojana Vihar | 23/02/2017 | BPPD/EN/2016-17/285/24.11.16/I-2560/3.12.16/2.1.17 | 499.00 | S BAN | B-648621 | 1 | 499.00 | English Books |
